00637nam a2200205 a 450000100060000000300080000600500170001400800410003103500190007204000270009104100080011808200240012610000490015024501050019925000120030426000360031630000210035265000390037370000190041263316BD-RjUL20211209081200.0170129t19591952nyu 000 0 eng d a(BD-RjUL)63445 aHEIcHEIdBD-RjULbeng aeng 223a823.7bLEM 19591 aLewis, M. G.q(Matthew Gregory),d1775-1818.14aThe monk /cM. G. Lewis and original text, variant readings, and "A note on the text" Louis F. Peck a1st ed. aNew York :bGrove Press,c1959. a445 p. ;c20 cm. aMan-woman relationships x Fiction1 aPeck, Louis F.